| 000 | 00539cam a22001217a 4500 | ||
|---|---|---|---|
| 008 | 180718b1954 xxu||||| |||| 00| 0 eng d | ||
| 082 | _aA72x51 P545 | ||
| 100 | _aPhillis,Morgan | ||
| 245 |
_aEast meets west;apictorial story of the labour party delegation to the Soviet union and China _cby Morgan Phillips |
||
| 260 |
_aLondon _bLincolns _c1954 |
||
| 300 | _a96p. | ||
| 650 | _aLabour Party (Great Britain) Delegation to the Soviet Union and China. Soviet Union -Description and travel.China -Description and travel. China -Social conditions. | ||
| 999 |
_c413963 _d413963 |
||